Latin For Americans- Unit 6 Vocabulary Review - Statistics

General Stats
  • This quiz has been taken 33 times
  • The average score is 20 of 47
Answer Stats
Hint Answer % Correct
Is, Ea, Id He, She, It
96%
Ego, Mei I
92%
Tu, Tui You
88%
Vos, Vestrum You
88%
Pro Before
83%
Sub Under
79%
Nos, Nostrum We
79%
Exemplem,Exempli n. Example
75%
Primus, Prima, Primum First
71%
Beneficium,Benefici n. Benefit
67%
Ubi When
67%
Permitto.Permittere.Permissi,Permissus Allow
63%
Removeo,Removere,Removi,Remotus Remove
63%
Nosco,Noscere,Novi,Notus Learn
54%
Sine Without
54%
Periculum, Periculi n. Danger
50%
Per Through
50%
Etiam Also
42%
Absum,Abesse,Afui,Afuturus Be Absent
42%
Adsum,Adesse,Adfui,Adfuturus Be Present
42%
Porta, Portae f. Gate
42%
Retineo,Retinere,Retinui,Retentus Hold Back
42%
Remaneo,Remanere,Remansi,Remansurus Remain
42%
Cupio,Cupere,Cupivi,Cupitus Wish
42%
Liberi, Liberorum m. pl. Children
38%
Dubito,Dubitare,Dubitavi,Dubitatus Doubt
33%
Olim Once
33%
Miser, Misera, Miserum Unhappy
33%
Dimitto,Dimittere,Dimissi,Dimissus Let Go
29%
Iam Now
29%
Interficio,Interficere,Interfeci,Interfectus Kill
25%
Educo,Educere,Eduxi,Eductus Lead Out
25%
Produco,Prodicere,Produxi,Productus Lead Out
25%
Tamen Nevertheless
25%
Iubeo,Iubere,Iussi,Iussus Order
25%
Discedo,Discedere,Discessi,Discessurus Depart
21%
Amitto,Amittere,Amisi,Amissus Lose
21%
Superbia, Superbiaw f. Pride
21%
Superbus, Superba, Superbum Proud
21%
Integer, Intefra, Integrum Whole
21%
Inimicus, Inimica, Inimicum Hostile
17%
Propono,Proponere,Proposui,Propositus Offer
17%
Procedo,Procedere,Processi,Processurus Advance
13%
Suscipio,Suscipere,Suscepi,Susceptus Start
13%
Recipio,Redipere,Recepi,Receptus Recover
8%
Egreius, Egregia, Egregium Excellent
4%
Redigo,Redigere,Rededi,Redactus Reduce
4%
No matching quizzes found
Score Distribution
Percent of People with Each Score
Percentile by Number Answered
Your Score History
You have not taken this quiz